000 02172cam a22004574i 4500
003 PE-LiUPU
005 20250731165359.0
008 150922s2011 pe grm 000 0 spa d
035 _a(Sirsi) a154516
040 _aPE-LiUPU
_bspa
_cPE-LiUPU
_erda
099 _aTE 3
_bC88 2011
100 1 _aCruzalegui Acosta José Fausto
_eautor
245 1 _aPrograma "Grupo de interaprendizaje de estimulación cognitiva": su efecto en el desempeño profesional del docente primario de la Institución Educativa "Mariscal Luzuriaga" - 2010 /
_cJosé Fausto Cruzalegui Acosta.
264 0 _c2011.
300 _a228 hojas
_c30 cm
336 _atext
_2rdacontent
337 _aunmediated
_2rdamedia
338 _avolume
_2rdacarrier
502 _aTesis
_b(Mg.) --
_cUniversidad Peruana Unión,
_d2011.
504 _aIncluye referencias
520 3 _aLa investigación realizada estuvo orientada a determinar la efectividad de la aplicación del programa "grupo de interaprendizaje de estimulación cognitiva" en el incremento del desempeño profesional de los docentes del nivel primario de la I.E "Mariscal Luzuriaga" de Casa. La hipótesis formulada ha sido: la aplicación del programa "grupo de interaprendizaje de estimulación cognitiva", es efectiva en el incremento del desempeño profesional de los docentes de la I.E "Mariscal Luzuriaga" de Casa. El tipo de estudio fue experimental, con diseño cuasi-experimental con pre y post prueba con un solo grupo a quienes se les aplico el estimulo.
526 _aSEG44
526 _aSEG26
526 _aP151
526 _aP150
526 _aP149
526 _aP146
526 _aP145
526 _aP126
526 _aP125
526 _aP92
526 _aP75
526 _aP74
526 _aP27
526 _aP15
650 0 4 _aGestión escolar
_xPlanes y programas
_vTesis.
596 _a1
942 _2ddc
_cTESIS
999 _aTE 3 C88 2011
_wALPHANUM
_c7217
_iT01219
_lCCODEBUL3
_mBUL
_r1
_sY
_tTESIS
_u2015-9-22
_xPOSGRADO
_PP57
_o.STAFF. Tesis
_d7217
999 _aTE 3 C88 2011
_wALPHANUM
_c2
_iT01675
_lCCODEBUL3
_mBUL
_r1
_sY
_tTESIS
_u2015-9-22
_xPOSGRADO
_PP57
_o.STAFF. Tesos
980 _81
_gALBERTO SANCHEZ Responsable de Automatización